|
|
|
|
| LEADER |
00000cam a2200000 a 4500 |
| 001 |
vtls001121704 |
| 003 |
SK-MaSNL |
| 005 |
20260301062756.0 |
| 008 |
240513s1988 xo f np 00000 slo |
| 015 |
|
|
|a SNBA1988/08
|
| 035 |
|
|
|a SNK000064547
|
| 040 |
|
|
|a SNK
|b slo
|c SNK
|e AACR2
|
| 041 |
0 |
|
|a slo
|
| 044 |
|
|
|a xo
|c SK
|
| 080 |
|
|
|a 801.4(075.8)
|2 1981
|
| 100 |
1 |
|
|a Dvončová, Jana,
|d 1929-
|4 aut
|9 264340
|
| 245 |
1 |
0 |
|a Fonetika a fonológia
|b otázky transkripcie
|c Jana Dvončová a kolektív
|
| 250 |
|
|
|a 1. vyd.
|
| 260 |
|
|
|a Bratislava
|b Univerzita Komenského
|c 1988
|e Bratislava
|f Polygrafické stredisko UK
|
| 300 |
|
|
|a 180 s.
|c 29 cm
|
| 366 |
|
|
|e 120 výtl.
|
| 490 |
1 |
|
|a Vysokoškolské skriptá
|
| 504 |
|
|
|a Obsahuje bibliografiu
|
| 650 |
0 |
7 |
|a fonetika
|2 SNKPH
|9 863
|
| 650 |
0 |
7 |
|a fonológia
|2 SNKPH
|9 864
|
| 650 |
0 |
7 |
|a transkripcia
|2 SNKPH
|9 24476
|
| 655 |
|
7 |
|a učebnice vysokých škôl
|2 SNKPH
|9 70191
|
| 655 |
|
7 |
|a Textbooks (higher)
|2 SNKPHeng
|9 276436
|
| 700 |
1 |
|
|a Fecaninová, Uľjana,
|d 1922-2005
|4 aut
|9 125329
|
| 700 |
1 |
|
|a Lenhardt, Ján, narodený 1919
|4 aut
|9 7242
|
| 700 |
1 |
|
|a Podolcová, Gabriela
|4 aut
|9 349207
|
| 700 |
1 |
|
|a Vaverková, Irena,
|d 1925-
|4 aut
|9 116803
|
| 830 |
|
0 |
|a Vysokoškolské skriptá
|9 276440
|
| 852 |
|
|
|a Slovenská národná knižnica
|
| 954 |
|
|
|a odborná, vedecká literatúra pôvodná (slovenská)
|2 lita
|
| 958 |
|
|
|a NB
|
| 958 |
|
|
|a OND
|
| 999 |
|
|
|c 621813
|d 623743
|
| 952 |
|
|
|a SNK
|b SNK
|y PREZ
|7 0
|p 17A0833398
|o snkSB 43542
|0 0
|1 0
|4 0
|d 2012-07-12
|f 1
|l 0
|r 2025-05-09 00:00:00
|w 2026-02-23
|
| 952 |
|
|
|t P60, <04>, [BOOK], {604}
|a SNK
|b SNK
|y VYP
|7 0
|p 17A0019239
|o snkSB 43542 D1
|0 0
|1 0
|4 0
|d 1996-11-08
|l 0
|r 2004-12-31 00:00:00
|w 2026-02-23
|